Normal view
MARC view
Entry Topical Term
001 - CONTROL NUMBER
- control field: 73994
003 - CONTROL NUMBER IDENTIFIER
- control field: dpl
005 - DATE AND TIME OF LATEST TRANSACTION
- control field: 20241119121548.0
008 - FIXED-LENGTH DATA ELEMENTS
- fixed length control field: 241119|| aca||aabn | a|a d
040 ## - CATALOGING SOURCE
- Original cataloging agency: dpl
- Transcribing agency: dpl
150 ## - HEADING--TOPICAL TERM
- Topical term or geographic name as entry element: India-Pakistan Conflict, 1971
- General subdivision: Aerial operations, East Indian
670 ## - SOURCE DATA FOUND
- Source citation: Work cat.: (dpl)207007: John, Abhishek David 73992, Spark In Mechanical Engineers /, 2017
